|
|
|
|
| LEADER |
00000nam0a2200000 4500 |
| 001 |
200732 |
| 005 |
20231031184805.0 |
| 035 |
|
|
|a (RuTPU)RU\TPU\book\218813
|
| 090 |
|
|
|a 200732
|
| 100 |
|
|
|a 20110913d1955 m y0rusy50 ca
|
| 101 |
0 |
|
|a rus
|
| 102 |
|
|
|a RU
|
| 105 |
|
|
|a a j 001zy
|
| 200 |
1 |
|
|a Динамика вязкой несжимаемой жидкости
|e учебник
|f Н. А. Слезкин
|
| 210 |
|
|
|a Москва
|c Гостехтеоретиздат
|d 1955
|
| 215 |
|
|
|a 519 с.
|c ил.
|
| 320 |
|
|
|a Именной указатель: с. 512-513.
|
| 320 |
|
|
|a Предметный указатель: с. 514-519.
|
| 610 |
1 |
|
|a жидкости
|
| 610 |
1 |
|
|a несжимаемые жидкости
|
| 610 |
1 |
|
|a вязкие жидкости
|
| 610 |
1 |
|
|a динамика
|
| 610 |
1 |
|
|a учебники
|
| 610 |
1 |
|
|a дифференциальные уравнения
|
| 610 |
1 |
|
|a смазка
|
| 610 |
1 |
|
|a пограничный слой
|
| 610 |
1 |
|
|a ламинарное движение
|
| 610 |
1 |
|
|a ламинарные течения
|
| 610 |
1 |
|
|a турбулентное движение
|
| 675 |
|
|
|a 532.16(075.8)
|v 3
|
| 700 |
|
1 |
|a Слезкин
|b Н. А.
|g Николай Алексеевич
|
| 801 |
|
1 |
|a RU
|b 63413507
|c 20110913
|
| 801 |
|
2 |
|a RU
|b 63413507
|c 20140407
|g RCR
|
| 942 |
|
|
|c BK
|